000 00389nam a2200157Ia 4500
008 210210b2005 xxu||||| |||| 00| 0 eng d
020 _a81 7929095 6
082 _a070 BROC
100 _aBROOKS (Pamela).
245 _aCommunicating through newsletters.
260 _aND
_bInfinity books
_c2005
300 _aix,102
650 _aNewsletters
690 _aJournalism
906 _a060243
999 _c107064
_d107064